| 000 | 004720000a22001810004500 | ||
|---|---|---|---|
| 003 | MACL | ||
| 005 | 20150729165059.0 | ||
| 008 | 150729b xxu||||| |||| 00| 0 eng d | ||
| 040 |
_aMACL _cMACL |
||
| 041 | _aEnglish | ||
| 082 | _a341/NAU | ||
| 100 |
_aNautiyal, Prof Annpurna _93327 |
||
| 245 |
_aFifty Years of Human Rights _bExpectations & Challenges |
||
| 260 |
_bSarita Book House _c2007 _aDelhi |
||
| 350 | _a595 | ||
| 650 |
_aLaw _93328 |
||
| 942 |
_cBK _k341/NAU _2ddc |
||
| 999 |
_c42681 _d42681 |
||